Der Weg zur "Endlösung": Entscheidungen und Täter
| Main Author: | |
|---|---|
| Contributors: | |
| Format: | Print Book |
| Language: | German |
| Published: |
Bonn
Dietz
1998
|
| In: | Year: 1998 |
| Online Access: |
Table of Contents Table of Contents |
| Availability in Tübingen: | Present in Tübingen. IFK: C X 361 |
| Check availability: | HBZ Gateway |
| Subito Delivery Service: | Order now. |
| Keywords: |
MARC
| LEADER | 00000cam a2200000 c 4500 | ||
|---|---|---|---|
| 001 | 24294423X | ||
| 003 | DE-627 | ||
| 005 | 20260409074242.0 | ||
| 007 | tu | ||
| 008 | 980420s1998 gw ||||| 00| ||ger c | ||
| 015 | |a 98,N18,0854 |2 dnb | ||
| 015 | |a 98,A32,1576 |2 dnb | ||
| 016 | 7 | |a 953389413 |2 DE-101 | |
| 020 | |a 3801250245 |9 3-8012-5024-5 | ||
| 035 | |a (DE-627)24294423X | ||
| 035 | |a (DE-603)056854021 | ||
| 035 | |a (DE-576)063908573 | ||
| 035 | |a (DE-599)DNB953389413 | ||
| 035 | |a (OCoLC)231768737 | ||
| 035 | |a (OCoLC)231768737 | ||
| 035 | |a (DE-604)8118944045 | ||
| 035 | |a (DE-H357)his2854 | ||
| 040 | |a DE-627 |b ger |c DE-627 |e rakwb | ||
| 041 | |a ger | ||
| 044 | |c XA-DE |c XY | ||
| 050 | 0 | |a D804.3 | |
| 082 | 0 | 4 | |a 63 |q dnb |
| 084 | |a GESCH 432,14 (10) |2 sfb | ||
| 084 | |a GESCH 432,6 (10) |2 sfb | ||
| 084 | |a 63 |2 sdnb | ||
| 084 | |a NQ 2360 |2 rvk |0 (DE-625)rvk/128255: | ||
| 084 | |a 15.43 |2 bkl | ||
| 100 | 1 | |a Browning, Christopher R. |d 1944- |e VerfasserIn |0 (DE-588)120185083 |0 (DE-627)080507336 |0 (DE-576)164191321 |4 aut | |
| 109 | |a Browning, Christopher R. 1944- |a Browning, Christopher Robert 1944- |a Brauning, Krisṭofer R. 1944- |a Browning, Christopher 1944- | ||
| 245 | 1 | 4 | |a Der Weg zur "Endlösung" |b Entscheidungen und Täter |c Christopher R. Browning. Aus dem Amerikan. von Jürgen P. Krause |
| 264 | 1 | |a Bonn |b Dietz |c 1998 | |
| 300 | |a 231 S. | ||
| 336 | |a Text |b txt |2 rdacontent | ||
| 337 | |a ohne Hilfsmittel zu benutzen |b n |2 rdamedia | ||
| 338 | |a Band |b nc |2 rdacarrier | ||
| 546 | |a Deutsch | ||
| 555 | |a Literaturverz. S. 224 - 225 | ||
| 583 | 1 | |a Archivierung/Langzeitarchivierung gewährleistet |f SLG |x XA-DE-BW |z BfZ |2 pdager |5 DE-24 | |
| 650 | 0 | |a Holocaust, Jewish (1939-1945) |x Causes | |
| 650 | 0 | |a Holocaust, Jewish (1939-1945) |x Historiography | |
| 650 | 4 | |a Judenvernichtung | |
| 650 | 4 | |a Holocaust/Judenvernichtung | |
| 650 | 4 | |a persecution of Jews/Holocaust | |
| 650 | 4 | |a Endlösung, Entscheidung, Politik | |
| 655 | 7 | |a Aufsatzsammlung |0 (DE-588)4143413-4 |0 (DE-627)105605727 |0 (DE-576)209726091 |2 gnd-content | |
| 689 | 0 | 0 | |d s |0 (DE-588)4073091-8 |0 (DE-627)104682590 |0 (DE-576)20918938X |a Judenvernichtung |2 gnd |
| 689 | 0 | 1 | |a z |2 gnd |a Geschichte 1939-1941 |
| 689 | 0 | |5 DE-101 | |
| 689 | 1 | 0 | |d s |0 (DE-588)4058881-6 |0 (DE-627)106145592 |0 (DE-576)209128313 |a Täter |2 gnd |
| 689 | 1 | |5 DE-101 | |
| 700 | 1 | |a Krause, Jürgen Peter |e ÜbersetzerIn |0 (DE-588)1203906447 |0 (DE-627)1689013893 |4 trl | |
| 856 | 4 | 2 | |u https://swbplus.bsz-bw.de/bsz063908573inh.htm |m B:DE-576;DE-24 |q application/pdf |v 20081219142242 |x Verlag |3 Inhaltsverzeichnis |7 1 |
| 856 | 4 | 2 | |u http://scans.hebis.de/HEBCGI/show.pl?05685402_toc.pdf |m V:DE-603;B:DE-17 |q application/pdf |3 Inhaltsverzeichnis |7 1 |
| 935 | |i Blocktest | ||
| 936 | r | v | |a NQ 2360 |b Judenverfolgung / Antisemitismus im Dritten Reich (Judenfrage) |k Geschichte |k Geschichte seit 1918 |k Drittes Reich |k Innere Geschichte |k NS-Terror |k Judenverfolgung / Antisemitismus im Dritten Reich (Judenfrage) |0 (DE-627)1270699571 |0 (DE-625)rvk/128255: |0 (DE-576)200699571 |
| 936 | b | k | |a 15.43 |j Deutsche Geschichte des 19. Jahrhunderts bis zur Gegenwart |0 (DE-627)181569701 |
| 936 | s | n | |a n100 |2 mzub |
| 951 | |a BO | ||
| ELC | |b 1 | ||
| LOK | |0 000 xxxxxcx a22 zn 4500 | ||
| LOK | |0 001 3230112466 | ||
| LOK | |0 003 DE-627 | ||
| LOK | |0 004 24294423X | ||
| LOK | |0 005 20010517000000 | ||
| LOK | |0 008 990531||||||||||||||||ger||||||| | ||
| LOK | |0 040 |a DE-21-110 |c DE-627 |d DE-21-110 | ||
| LOK | |0 852 |a DE-21-110 | ||
| LOK | |0 852 1 |c C X 361 |m p |9 00 | ||
| LOK | |0 935 |a k110 | ||
| LOK | |0 936ln |a 10.2.1 | ||
| LOK | |0 938 |k p | ||
| LOK | |0 939 |a 1999-05-31 |b l01 | ||
| ORI | |a WA-MARC-krimdoka001.raw | ||
| SIG | |a IFK: C X 361 | ||
| TIM | |a 100019390101_100019411231 |b Geschichte 1939-1941 | ||
